000 00549nam a2200181Ia 4500
005 20250508163546.0
008 008 250505s9999 xx 000 0 eng d
037 _aBooks to be hide in OPAC
040 _aFEDL
_beng
_cFEDL
041 _aeng
_2eng
084 _a510, APO
_qFEDL
245 0 _aGanit: Kaksha 8, Apollo sample papers (Solved and unsolved) for practice
250 _aNew rev. Edition
260 _aNew Delhi, India
_bApollo Publishing House
_c1996
300 _a78p
942 _cHB
_h510, APO
999 _c1384076
_d1384076